| 000 | 00831nam a2200205Ii 4500 | ||
|---|---|---|---|
| 003 | JO-AjNU | ||
| 008 | 230605s9999||||xx |||||||||||||| ||und|| | ||
| 040 |
_aJO-AjNU _bara _erda _cJO-AjNU |
||
| 041 | _aara | ||
| 050 | 1 | 4 | _aHF 5655 .A7.J24 2003 |
| 100 | 3 |
_aجعفر، عبدالاله نعمة, _eauthor _932135 |
|
| 245 | 0 | 0 | _aالمحاسبة المالية: مبادىء القياس والافصاح المحاسبي |
| 250 | _aط1 | ||
| 264 | 3 | 1 | _aعمان، الكويت: دار حنين للنشر والتوزيع، مكتبة الفلاح للنشر والتوزيع، 2003 |
| 300 |
_a662ص _bيحتوي على ببلوغرافية من ص661-662ص |
||
| 336 |
_atext _btxt _2rdacontent |
||
| 337 |
_aunmediated _bn _2rdamedia |
||
| 338 |
_avolume _bnc _2rdacarrier |
||
| 650 | 4 |
_aالمحاسبة المالية _932136 |
|
| 999 |
_aA12938 _c16506 _d16506 |
||